000 00420nam a2200145Ia 4500
008 210210b1971 xxu||||| |||| 00| 0 eng d
082 _a545.812 BABP
100 _aBABKO (A) & PILIPENKO (A).
245 _aPhotometric analysis: general principles & working tools.
260 _aMoscow
_bMir Publishers
_c1971
300 _a388
650 _aPhotometric Analysis
690 _aQuantitative Chemistry
906 _aCC00059
999 _c109041
_d109041